000 00877nam a2200265Ia 4500
003 OSt
005 20220923214514.0
006 a|||||r|||| 00| 0
007 ta
008 220922b |||||||| |||| 00| 0 hin d
024 _a170,205
037 _cTextual
040 _aARTS
_cARTS
_bhin
041 _2hin
_ahin
082 _aO152,3N05,PR, J6;M0
100 _aजैनेन्द्र कुमार
245 0 _aपरख
_b मौलिक उपन्यास
246 _aParakha: maulik upanyāsa
250 _aसंस्क0 10
260 _aदिल्ली
_b पूर्वोदय प्रकाशन
_c1980
300 _a125पृ.
_ccm.
650 _aहिन्दी साहित्य
_9156264
942 _hO152,3N05,PR, J6;M0
_cTEXL
_2CC
999 _c324537
_d324537